Směrnice pro transfusní službu v léčebných a ošetřovacích ústavech /

Main Author: Hrubiško, Mikuláš, 1917-2005
Language: Czech
Published: Praha : Zdravotnické nakladatelství, 1951
Series: Zdravotnické aktuality
Physical Description: 108 stran, obrazové přílohy
Book
Saved in:
LEADER 01195nam a22003492i 4500
001 001484931
003 CZ BrMZK
005 20160222143945.0
007 ta
008 150821s1951 xr af er|||||||||||cze d
015 |a cnb000504025 
035 |a (OCoLC)14674239 
040 |a ABE015  |b cze  |d BOA001  |e rda 
072 7 |a 615  |x Farmacie. Farmakologie  |2 Konspekt  |9 14 
080 9 |a 612.1 
080 9 |a 616-005 
100 1 |a Hrubiško, Mikuláš,  |d 1917-2005  |7 nlk20000089629  |4 aut 
245 1 0 |a Směrnice pro transfusní službu v léčebných a ošetřovacích ústavech /  |c M. Hrubiško 
264 1 |a Praha :  |b Zdravotnické nakladatelství,  |c 1951 
300 |a 108 stran, obrazové přílohy 
336 |a text  |b txt  |2 rdacontent 
337 |a bez média  |b n  |2 rdamedia 
338 |a svazek  |b nc  |2 rdacarrier 
490 1 |a Zdravotnické aktuality ;  |v 30 
650 0 7 |a transfuze krve  |7 ph126714  |2 czenas 
650 0 7 |a transfuzní služba  |7 ph255236  |2 czenas 
655 7 |a směrnice  |7 fd133465  |2 czenas 
830 0 |a Zdravotnické aktuality 
910 |a BOA001  |b 2-0273.744 
990 |a BK 
991 |b 201508 
996 6 |b 2618712593  |c 2-0273.744  |l MZK  |r Sklad / do 24 hodin  |n 0  |w 001520123  |u 000010  |a 1  |e BOA001  |j MZK50  |s P